| 000 | 01796nam a2200301 a 4500 | ||
|---|---|---|---|
| 001 | 000021725 | ||
| 005 | 20240308073618.0 | ||
| 008 | 100910s1975 dr a 000 0 spa d | ||
| 040 |
_aDO-SdBNP _bspa _cBNPHU |
||
| 082 |
_a299.675 _bD325v |
||
| 100 | 1 |
_aDeive, Carlos Esteban, _d1935-2019 _91916 |
|
| 245 | 1 | 0 |
_aVodú y magia en Santo Domingo / _cCarlos Esteban Deive ; presentación José Antonio Caro Álvarez. |
| 260 |
_aSanto Domingo : _bMuseo del Hombre Dominicano, _c1975. |
||
| 300 |
_a427 p. : _bil. ; _c25 cm. |
||
| 490 | 1 | _aDepartamento de Ciencias Sociales (MHD) | |
| 490 | 1 | _aAntropología Cultural | |
| 500 | _aIncluye índice de nombres y de lugares | ||
| 504 | _aBibliografía : p. 403-415 | ||
| 505 | 2 |
_tPresentación -- _rJosé Antonio Caro Álvarez _tIntroducción -- _tUna ojeada al concepto de magia y religión -- _tLa esclavitud negra -- _tA la búsqueda de los orígenes tribales -- _tEl encuentro de las razas -- _tEl mundo insólito del vodú -- _tEl vodú dominicano -- _tEl ritual luasista -- _tVodú y catolicismo -- _tEn los dominios de la hechicería -- _tModalidades de la magia blanca -- _tOraciones mágico-religiosas -- _tMedicina popular y curanderismo -- _tEl devenir y la muerte -- _tEl contexto socioecónomico del vodú y la magia -- _tVodú y magia en la literatura dominicana -- _tGlosario de voces -- _tBibliografía general -- _tÍndice de nombres y lugares geográficos. |
|
| 590 | _aInventariado, 2018/VM | ||
| 650 | 4 |
_aVudú _91917 |
|
| 650 | 4 |
_aMagia _zRepública Dominicana _91918 |
|
| 651 | 4 |
_aRepública Dominicana _xVida Religiosa Y Costumbres _96935 |
|
| 700 | 1 |
_aCaro Alvarez, José Antonio _945165 |
|
| 830 | 0 |
_aDepartamento de Ciencias Sociales (MHD) _945166 |
|
| 830 | 0 |
_aAntropología Cultural _945167 |
|
| 910 | _aValidado. Control de calidad MMOLINA | ||
| 999 |
_c21224 _d21224 |
||